000
00274nam a2200109Ia 4500
008
160523s9999 xx 000 0 und d
245
_a
How to Be Free
245
_c
Joe Blow
260
_c
2012
650
_x
Psychology.
856
_u
http://www.smashwords.com/books/view/88690
999
_c
294798
_d
294798